AS Saint-Etienne (ASSE) : Les 50 plus grosse vente - Statistiques

Statistiques générales
  • Ce quiz a été pris 86 fois
  • Le résultat moyen est 18 sur 50
Statistiques - réponses
Montant Saison Nationalité Club acheteur Joueur % Correct
30 Millions 19/20 France Arsenal William Saliba
99%
13 Millions 13/14 Gabon Dortmund Pierre Emerick Aubameyang
96%
35 Millions 20/21 France Leicester City Wesley Fofana
90%
13 Millions 09/10 France Olympique Lyonnais Bafetimbi Gomis
82%
15 Millions 24/25 France Chelsea Mathis Amougou
74%
4.55 Millions 22/23 Gabon Los Angeles FC Denis Bouanga
71%
12 Millions 19/20 France Krasnodar Remy Cabella
71%
14.6 Millions 13/14 France Chelsea Kurt Zouma
63%
10 millions 15/16 Cote d'Ivoire Bournemouth Max Alain Gradel
62%
13 Millions 22/23 France RB Salzbourg Lucas Gourna Douath
60%
5 Millions 13/14 Algérie Napoli Faouzi Ghoulam
57%
5.5 Millions 18/19 Norvege Shenzen FC Ole Kristian Selnaes
57%
8 Millions 11/12 France PSG Blaise Matuidi
56%
9 Millions 11/12 France LOSC Dimitri Payet
56%
4 Millions 25/26 Maroc Trabzonspor Benjamin Bouchouari
51%
3 Millions 23/24 France Stade Brestois Mahdi Camara
51%
6 Millions 07/08 France PSG Zoumana Camara
51%
2 Millions 19/20 Slovénie Chicago Robert Beric
49%
7.5 Millions 23/24 France Eintracht Francfort Niels Nkounkou
47%
10 Millions 13/14 France Atletico Madrid Joshua Guilavogui
43%
5 Millions 20/21 France Stade Brestois Franck Honorat
37%
3.3 Millions 15/16 Turquie Hannover 96 Mevlut Erding
34%
4.9 Millions 15/16 France Swansea City Franck Tabanou
32%
3 Millions 23/24 France RC Strasbourg Saidou Sow
32%
9 Millions 17/18 France LOSC Kevin Malcuit
31%
1 Millions 22/23 Comores Famalicao Zaydou Youssouf
31%
1.38 Millions 96/97 France Olympique Lyonnais Gregory Coupet
26%
1 Millions 16/17 Senegal Al-Arabi SC Moustapha Baya Sall
26%
5 Millions 08/09 Guinée Al-Sadd Pascal Feindouno
25%
2.5 Millions 11/12 Belgique Olympiakos Kevin Mirallas
22%
1.9 Millions 11/12 Argentine Catania Calcio Gonzalo Bergessio
21%
3 Millions 17/18 Burkina Faso Fiorentina Bryan Dabo
19%
6 Millions 07/08 France AS Monaco Frederic Piquionne
19%
2 Millions 17/18 France Brentford Neal Maupay
19%
6 Millions 18/19 France AS Monaco Ronael Pierre-Gabriel
19%
12.35 Millions 06/07 Cote d'Ivoire Tottenham Didier Zokora
16%
5 Millions 15/16 France AS Monaco Allan Saint-Maximin
15%
4 Millions 18/19 Senegal Shenzen FC Cheikh M'Bengue
15%
2.2 Millions 18/19 Suisse FC Porto Saidy Janko
15%
3 Millions 20/21 Cap Vert FC Metz Vagner Dias
15%
6 Millions 11/12 France Toulouse Emmanuel Riviere
13%
3.8 Millions 12/13 Guinee Wolverhampton Bakary Sako
12%
1 Millions 18/19 France Angers SCO Vincent Pajot
12%
1.1 Millions 10/11 Tunisie Cesena Yohan Benalouane
10%
2.75 Millions 10/11 Argentine Velez Sarsfield Augusto Fernandez
4%
2.4 Millions 07/08 France RC Lens Julien Sable
1%
1.5 Millions 07/08 Republique Tcheque FC Nantes Marek Heinz
1%
2 Millions 07/08 RDC Toulouse Herita Ilunga
0%
2.25 Millions 01/02 Cameroun Manchester City Lucien Mettomo
0%
3 Millions 08/09 Bresil Al-Sadd Nivaldo
0%
Aucun quiz correspondant
Distribution des résultats
% des personnes avec chaque résultat
Percentile par nombre de réponses
Votre historique - résultats
Vous n’avez pas pris ce quiz